000 00957nam a22003257a 4500
003 CHAP
005 20220329135658.0
008 971013s1941 r 00010 d
010 _a40420
011 _a41392
035 _a45518
040 _cCHAP
082 _a574.3
_bM6Y
100 0 0 _aMorgan, Thomas Hunt.
_978806
245 _aEmbriología y genética
260 _aBuenos Aires :
_bLosada,
_c1941
300 _a321 p.
_b: ilus
490 _aCiencia y vida
590 _aBATCH-UPD
_b10
_c20130110
_lUCH01
_h0242
590 _aBATCH-UPD
_b10
_c20130110
_lUCH01
_h1817
590 _aBATCH-UPD
_b10
_c20130409
_lUCH01
_h2310
590 _aBATCH-UPD
_b10
_c20130914
_lUCH01
_h0946
590 _aCONVERSION
_b10
_c20130109
_lUCH01
_h1322
650 1 4 _aEmbriología.
_936486
650 1 4 _aGenética.
_947469
830 0 _aCiencia y vida
_923165
901 _aBK
942 _cLIBRO
949 _a574.3 M6Y
_bBC
_cLIBRO
_d33724000469011
_eLIBRO
_h72813
_i45518
_mD
_si
999 _c40420
_d40420